Loading...

THANTHRA

Bibliographic Details
Main Author: NIRMALANANDAGIRI MAHARAJ
Format: Printed Book
Published: KOZHIKODE MATHRUBHUMI BOOKS 2015
Subjects:
LEADER 00442nam a2200169 4500
020
082 |a 294.595 NIR 
100 |a NIRMALANANDAGIRI MAHARAJ 
245 |a THANTHRA  |h Malayalam 
250
260 |a KOZHIKODE  |b MATHRUBHUMI BOOKS  |c 2015 
300
650 |a THANTHRA 
700
942 |c BK 
999 |c 157851  |d 157851 
952 |0 0  |1 0  |4 0  |6 294_595000000000000_NIR  |7 0  |9 171308  |a ORI  |b ORI  |l 0  |o 294.595 NIR  |p ORI7550  |r 2019-10-25  |w 2019-10-25  |y BK